| 000 | 01664nam a2200433Ii 4500 | ||
|---|---|---|---|
| 001 | DIGVERBUM0396 | ||
| 003 | NyNyDIG | ||
| 006 | m o d | ||
| 007 | cr ||||||||||| | ||
| 008 | 220123s2016 sp o 000 f spa d | ||
| 035 | _a(OCoLC)1319855921 | ||
| 040 |
_aDGITA _beng _erda _epn _cDGITA |
||
| 020 | _z9788490745137 | ||
| 050 | 1 | 4 | _aPR3404 ebook |
| 082 | 0 | 4 | _a853.8 |
| 100 | 1 |
_aDefoe, Daniel, _d1661?-1731, _eauthor. |
|
| 240 | 1 | 0 |
_aJournal of the plague year. _lSpanish _s(Fuentes) |
| 245 | 1 | 0 |
_aDiario del año de la peste / _cDaniel Defoe ; traducción, Emeterio Fuentes. |
| 264 | 1 |
_aMadrid : _bEditorial Verbum, _c[2016] |
|
| 300 | _a1 online resource. | ||
| 336 |
_atext _2rdacontent |
||
| 337 |
_acomputer _bc _2rdamedia |
||
| 338 |
_aonline resource _bcr _2rdacarrier |
||
| 347 |
_atext file _2rdaft |
||
| 347 | _bPDF | ||
| 490 | 1 | _aVerbum Infantil-juvenil | |
| 588 | 0 | _aOnline resource; title from PDF title page (Digitalia, viewed January 23, 2022) | |
| 655 | 7 |
_aHistorical fiction. _2lcgft |
|
| 655 | 0 | _aElectronic books. | |
| 700 | 1 |
_aFuentes, Emeterio, _etranslator. |
|
| 700 | 1 |
_iTranslation of: _aDefoe, Daniel, _d1661?-1731. _tJournal of the plague year. |
|
| 776 | 0 | 8 |
_iPrint version: _aDefoe, Daniel, 1661?-1731. _sJournal of the plague year. Spanish (Fuentes). _tDiario del año de la peste. _dMadrid : Editorial Verbum, [2016] _z9788490745137 |
| 791 | 2 |
_aDigitalia (Firm), _edistributor. |
|
| 793 | 0 |
_gDigitalia eBook Collection: _aVerbum |
|
| 830 | 0 | _aVerbum infantil-juvenil. | |
| 856 | 4 | 0 |
_3Digitalia Hispánica _uhttps://www.digitaliapublishing.com/a/52025/ |
| 910 | _aPremium Collection: 2022 | ||
| 942 | _cRAA | ||
| 999 |
_c252995 _d252995 |
||